00558 2200193 4500001002100000005001500021035002000036008004100056245007000097100002800167260005800195300001900253020002200272084001800294082000800312650001800320250000600338990002000344INLIS00000000000787420260418123814 a0010-0426000062260418 1 ind 1 aThe Sign Of Four :bMisteri Empat Tanda /cSir Arthur Conan Doyle aDoyle, Sir Arthur Conan aYogyakarta :bCV.Indoliterasi Publishing House,c2026 a180 ;c19 x 13 a978-602-0869-83-4 a823 DOY T C.1 a823 4aFiksi Inggris aI a260311300011206